| 000 | 01198nam a2200313 i 4500 | ||
|---|---|---|---|
| 003 | OSt | ||
| 005 | 20231214112457.0 | ||
| 008 | 231213t20162018at a a 000 0 eng d | ||
| 020 |
_cRM15.97 _qhardback |
||
| 040 |
_aPPAK _beng _cPPAK _erda |
||
| 082 | 0 | 4 |
_223 _a152.1423 |
| 090 | 0 | 0 |
_a152.1423 _bPAT _dRK |
| 245 | 0 | 0 |
_aPatterns : _bswirls / _cIllustrations: Gina Lorena Maldonado |
| 246 | 3 | 0 | _aSwirls |
| 250 | _aBoard edition. | ||
| 264 | 1 |
_aHawthorn, VIC : _bLake Press, _c2018 |
|
| 264 | 4 | _c©2016 | |
| 300 |
_a1 volume (unpaged) : _bcolour illustrations ; _c15 cm |
||
| 336 |
_atext _2rdacontent |
||
| 337 |
_aunmediated _2rdamedia |
||
| 338 |
_avolume _2rdacarrier |
||
| 520 | _aEARLY LEARNING: SIZE, SHAPES & PATTERNS. A fun early learning concept to help children identify patterns with bright an vibrant illustrations. Patterns are raised to add tactile, interactive element throughout each title. Ages 0+ | ||
| 650 | 1 | 0 |
_aPattern perception _xPictorial works _vJuvenile literature. |
| 650 | 2 | 0 |
_aSwirls _vJuvenile literature. |
| 650 | 2 | 0 | _aChildren's stories |
| 655 | _aBoard books | ||
| 700 | 1 |
_aMaldonado, Gina Lorena, _eillustrator. |
|
| 942 |
_2ddc _cB |
||
| 999 |
_c194020 _d194020 |
||